| Tag |
First Indicator |
Second Indicator |
Subfields |
| LEADER |
00000cam a2200000 a 4500 |
| 001 |
in00000025015 |
| 005 |
20151007055705.0 |
| 008 |
870929s1988 ilu b 00110 eng |
| 010 |
|
|
|a 87027503
|
| 020 |
|
|
|a 0673397661 (pbk.)
|
| 035 |
|
|
|a (OCoLC)16871596
|
| 035 |
|
|
|9 AAB8990AM
|
| 040 |
|
|
|a DLC
|c DLC
|d TXA
|d UtOrBLW
|
| 049 |
|
|
|a TXAM
|c [A11667650]
|
| 050 |
0 |
0 |
|a H91
|b .C78 1988
|
| 082 |
0 |
|
|a 808/.0663
|2 19
|
| 100 |
1 |
|
|a Cuba, Lee J.
|
| 245 |
1 |
2 |
|a A short guide to writing about social science /
|c Lee J. Cuba.
|
| 264 |
|
1 |
|a Glenview, Ill. :
|b Scott, Foresman/Little, Brown College Division, Scott, Foresman,
|c [1988]
|
| 264 |
|
4 |
|c ©1988
|
| 300 |
|
|
|a xvi, 167 pages ;
|c 21 cm.
|
| 336 |
|
|
|a text
|b txt
|2 rdacontent
|
| 337 |
|
|
|a unmediated
|b n
|2 rdamedia
|
| 338 |
|
|
|a volume
|b nc
|2 rdacarrier
|
| 490 |
0 |
|
|a The Short guide series
|
| 504 |
|
|
|a Bibliography: pages 162-163.
|
| 500 |
|
|
|a Includes index.
|
| 650 |
|
0 |
|a Social sciences
|x Authorship.
|
| 650 |
|
0 |
|a English language
|x Technical English.
|
| 740 |
0 |
|
|a Writing about social science.
|
| 999 |
|
|
|a MARS
|
| 999 |
f |
f |
|s 3c5b1b34-4bd5-3318-b02a-ad817336a33d
|i da402d2b-a8bd-3496-9195-4fd51adf05f9
|t 0
|
| 952 |
f |
f |
|p ric
|a Texas A&M University
|b Rellis Campus
|c Joint Library Facility
|d Remote Storage
|t 0
|e H91 .C78 1988
|h Library of Congress classification
|i unmediated -- volume
|m A14811667650
|
| 998 |
f |
f |
|a H91 .C78 1988
|t 0
|l Remote Storage
|